00284nam a22000977a 4500082002200000100002600022245006400048260004500112300002100157563000800178 a345.54910262bMUF aMufti, Qausain Faisal aThe Illegal Dispossession Act, 2005 /cQausain Faisal Mufti aLahore :bCapital Law Publishers,c2016. a209 p. ;c24 CM. aHB.